000 00987cam a2200325 4500
001 652442
003 ARRUPE
005 20150114114631.0
008 880525s1959 nyua 000 0 eng
010 _a 59013846//r85
035 _a(OCoLC)531005
035 _a(OCoLC)ocm00531005
035 _a(CStRLIN)NYCG88-B38169
035 _a(NNC)652442
040 _aDLC/ICU
_cICU
050 0 _aQC6
_b.E4 1959
082 0 _a530.1
090 _aQC6
_b.E4 1959
100 1 _aEddington, Arthur Stanley,
_cSir,
_d1882-1944.
_913870
245 1 0 _aSpace, time, and gravitation;
_ban outline of the general relativity theory.
260 _aNew York,
_bHarper
_c[1959]
300 _a213 p.
_billus.
_c21 cm.
490 1 _aHarper torchbooks, TB510. The science library
650 0 _aSpace and time.
_92213
650 0 _aGravitation.
_913793
650 0 _aRelativity (Physics)
_910646
830 0 _aHarper torchbooks.
_pScience library.
_913871
942 _2lcc
_cMONOGRAPH
999 _c121640
_d121640